000 00446cam a2200145 4500500
005 20251012010706.0
041 _afre
042 _adc
100 1 0 _aSorgel, Luis
_eauthor
245 0 0 _aÀ quand le grand soi ?
260 _c2010.
500 _a64
786 0 _nPhilosophie magazine | 36 | 2 | 2010-02-01 | p. 9-9 | 1951-1787
856 4 1 _uhttps://shs.cairn.info/magazine-philosophie-magazine-2010-2-page-9?lang=fr&redirect-ssocas=7080
999 _c1520224
_d1520224